Top 5 deutsche Städte pro Freizeitpark - Statistiken

Allgemein
  • Dieses Quiz wurde 130 mal gespielt
  • Das Durchschnittsergebnis liegt bei 26 aus 40
Antwortstatistiken
Freizeitpark Distanz
(in km)
Stadt % Korrekt
Phantasialand 25,5 Köln
93%
Heide Park 72,1 Hamburg
88%
Hansa-Park 89,6 Hamburg
88%
Europa-Park 171,4 Stuttgart
88%
Legoland Deutschland 112 Stuttgart
88%
Europa-Park 38,2 Freiburg
84%
Heide Park 88,5 Hannover
82%
Hansa-Park 60,5 Kiel
80%
Legoland Deutschland 124 München
80%
Europa-Park 105,9 Karlsruhe
76%
Plopsaland Deutschland 49,5 Karlsruhe
76%
Plopsaland Deutschland 31,1 Mannheim
76%
Heide Park 116 Bremen
75%
Hansa-Park 202 Bremen
75%
Freizeitpark Plohn 129 Leipzig
75%
Freizeitpark Plohn 128 Dresden
74%
Phantasialand 32,7 Bonn
71%
Heide Park 133 Lübeck
70%
Hansa-Park 31,8 Lübeck
70%
Legoland Deutschland 34,9 Ulm
69%
Movie Park Germany 25,5 Essen
67%
Hansa-Park 157 Rostock
67%
Movie Park Germany 25,4 Gelsenkirchen
65%
Phantasialand 46,4 Leverkusen
64%
Legoland Deutschland 55,5 Augsburg
60%
Movie Park Germany 16 Bottrop
59%
Freizeitpark Plohn 55,8 Chemnitz
59%
Plopsaland Deutschland 46,1 Heidelberg
58%
Heide Park 136 Braunschweig
55%
Freizeitpark Plohn 99,8 Jena
54%
Freizeitpark Plohn 141 Erfurt
52%
Plopsaland Deutschland 28,5 Ludwigshafen
52%
Movie Park Germany 23,3 Oberhausen
51%
Europa-Park 125,7 Pforzheim
40%
Phantasialand 41,2 Bergisch Gladbach
37%
Plopsaland Deutschland 77,3 Kaiserslautern
35%
Europa-Park 201,2 Reutlingen
31%
Legoland Deutschland 97,6 Reutlingen
31%
Movie Park Germany 33 Recklinghausen
30%
Phantasialand 65,4 Neuss
29%
Keine übereinstimmenden Quizze gefunden
Verteilung der Resultate
Anzahl Personen mit jedem Resultat
Perzentil nach korrekt beantworteten Fragen
Ihre Resultats-Entwicklung
Sie haben dieses Quiz noch nicht gespielt